000 01118nam a2200277 a 4500
005 20090806113742.0
008 990813s1999 ii b 001 0 eng
010 _aENG-94642
020 _a9788125926573
_c550.00
035 _aEN-78175
037 _bDBAD / PUB
040 _adpl
_bEnglish
082 _a658.049091724
100 _aRao, M. B.
_q(Medury Bhaskara)
245 _aJoint venture in international business /
_cby M.B. Rao [and] Manjula Guru
260 _aNew Delhi :
_bVikas Publishing House
_c2009
270 _a576, Masjid Road, Jangpura
_bNew Delhi
_e110014
300 _axx, 446p.
_c25cm(pbk)
500 _aIncludes bibliographical references and index
520 _aWith reference to India.
650 _aJoint ventures
_yDeveloping countries
650 _aInternational business enterprises
_zDeveloping countries
700 _aManjula Guru
942 _2ddc
_cEN
_h658.049091724
_mRAO
999 _c28959
_d28959